000 00596nam a2200229Ia 4500
003 OSt
005 20221007065320.0
006 a|||||r|||| 00| 0
007 ta
008 221006b |||||||| |||| 00| 0 eng d
024 _a13,084
037 _cTextual
040 _aFLL
_cFLL
_beng
041 _2eng
_aeng
082 _aV4475:1:N7z7, L1
100 _aAyoob M. Au.
_9686844
245 0 _aBangla desh
260 _aDelhi
_bVikas publications India
_c1971
300 _a194p
_ccm.
942 _hV4475:1:N7z7, L1
_cTEXL
_2CC
999 _c1136964
_d1136964